Maisie Peters - The List - Statistics

General Stats
  • This quiz has been taken 24 times
  • The average score is 401 of 444
Answer Stats
Answer % Correct
a
100%
an
100%
And
100%
and,
100%
and
100%
be
100%
but
100%
conversation
100%
do
100%
doin'
100%
down
100%
excuses
100%
have
100%
I,
100%
I
100%
i
100%
in
100%
let
100%
lettin'
100%
list
100%
List
100%
listen,
100%
look
100%
mirror,
100%
mirror
100%
my
100%
myself
100%
need
100%
Need
100%
not
100%
of
100%
real
100%
should
100%
stop,
100%
stop
100%
that
100%
the
100%
things
100%
to
100%
try
100%
up
100%
up,
100%
avoid
92%
changin'
92%
drunk,
92%
drunk
92%
every
92%
findin'
92%
gettin'
92%
I'll
92%
it
92%
It's
92%
shut
92%
situation
92%
So
92%
you
92%
you,
92%
You
92%
your
92%
before
83%
call
83%
fill
83%
funny
83%
funny?
83%
got
83%
hidin'
83%
instead
83%
isn't
83%
I've
83%
letting
83%
like
83%
little
83%
mind
83%
more
83%
night
83%
now
83%
Oh
83%
Oh,
83%
Put
83%
put
83%
runnin'
83%
showin'
83%
silence
83%
something
83%
There's
83%
uninvited
83%
again,
75%
another
75%
around
75%
at
75%
edge
75%
'em
75%
fallin'
75%
feelings
75%
if
75%
kind
75%
love
75%
love,
75%
off
75%
order
75%
pattern
75%
people
75%
point
75%
problem
75%
say
75%
stumble
75%
this
75%
when
75%
All
67%
apart
67%
as
67%
bit
67%
dancin'
67%
eye
67%
hand
67%
I'm
67%
lookin'
67%
master
67%
October
67%
pickin'
67%
reason
67%
said
67%
someone
67%
stand
67%
taller
67%
went
67%
with
67%
you're
67%
attic
58%
box
58%
cry
58%
damage
58%
dark
58%
deal
58%
disappoint
58%
else
58%
full
58%
getting
58%
hate
58%
heard
58%
hiding
58%
know
58%
laugh
58%
Leavin'
58%
London
58%
must
58%
own
58%
running
58%
showing
58%
sometimes
58%
sound
58%
voice
58%
waitin'
58%
want
58%
called
50%
enough
50%
hobby
50%
just
50%
stacking
42%
can
33%
talk?
33%
Until
33%
hmm
17%
myslef
0%
No matching quizzes found
Score Distribution
Percent of People with Each Score
Percentile by Number Answered
Your Score History
You have not taken this quiz